[Event "Bayern-ch Seniors 25th"]
[Site "Bergen"]
[Date "2013.06.16"]
[Round "2.32"]
[White "Ditmas, Hugh"]
[Black "Zellner, Erwin"]
[Result "1-0"]
[WhiteElo "1922"]
[BlackElo "1540"]
[PlyCount "67"]
[EventDate "2013.06.15"]
[EventType "swiss"]
[EventRounds "9"]
[EventCountry "GER"]
[SourceTitle "EXT 2022"]
[Source "ChessBase"]
[SourceDate "2021.10.06"]
[SourceVersion "1"]
[SourceVersionDate "2021.10.06"]
[SourceQuality "1"]

1. d4 d5 2. c4 Nf6 3. Nf3 e6 4. Nc3 a6 5. Bg5 Be7 6. e3 Nbd7 7. Bd3 dxc4 8. Bxc4 b5 9. Bd3 c5 10. Rc1 c4 11. Bb1 Bb7 12. 0-0 Rc8 13. a3 Nd5 14. Bxe7 Qxe7 15. Nxd5 Bxd5 16. e4 Bb7 17. Qd2 Nf6 18. Qe3 Qc7 19. Ne5 0-0 20. Rfd1 Rfd8 21. f3 Nd7 22. Nxd7 Rxd7 23. b3 Qb6 24. bxc4 bxc4 25. Rc3 a5 26. Ba2 Ba6 27. Kf2 Rcd8 28. Bxc4 Rxd4 29. Rxd4 Rxd4 30. Bxa6 Rd2+ 31. Kg3 Qb8+ 32. Kh3 Rd8 33. Qc1 Qb6 34. Rc8 1-0

[Event "Bayern-ch Seniors 25th"]
[Site "Bergen"]
[Date "2013.06.15"]
[Round "1.23"]
[White "Zellner, Erwin"]
[Black "Roggenstein, Bruno"]
[Result "0-1"]
[WhiteElo "1540"]
[BlackElo "1810"]
[PlyCount "64"]
[EventDate "2013.06.15"]
[EventType "swiss"]
[EventRounds "9"]
[EventCountry "GER"]
[SourceTitle "EXT 2022"]
[Source "ChessBase"]
[SourceDate "2021.10.06"]
[SourceVersion "1"]
[SourceVersionDate "2021.10.06"]
[SourceQuality "1"]

1. d4 d5 2. c4 e6 3. Nc3 Nf6 4. e3 a6 5. a3 dxc4 6. Bxc4 b5 7. Be2 Bb7 8. Bf3 Qc8 9. Bxb7 Qxb7 10. Qf3 Qa7 11. b4 Nbd7 12. Bb2 Be7 13. d5 Ne5 14. Qg3 Nd3+ 15. Ke2 Nxb2 16. dxe6 fxe6 17. Nf3 0-0 18. Nd4 Qb6 19. Qe5 Kf7 20. Nf3 h6 21. Ne4 Nc4 22. Qf4 Bd6 23. Nxd6+ cxd6 24. g4 Kg8 25. h3 Nd5 26. Qd4 Qb7 27. Nd2 e5 28. Qd3 Nf6 29. Rag1 Nxd2 30. Qxd2 Ne4 31. Qa2+ Kh8 32. Rh2 Nc3+ 0-1

[Event "Bayern-ch Seniors 24nd"]
[Site "Bergen"]
[Date "2012.06.22"]
[Round "7"]
[White "Wolfram, Gisbert"]
[Black "Zellner, Erwin"]
[Result "1/2-1/2"]
[WhiteElo "1616"]
[BlackElo "1482"]
[PlyCount "76"]
[EventDate "2012.06.16"]
[EventType "swiss"]
[EventRounds "9"]
[EventCountry "GER"]
[SourceTitle "EXT 2015"]
[Source "ChessBase"]
[SourceDate "2014.11.20"]
[SourceVersion "1"]
[SourceVersionDate "2014.11.20"]
[SourceQuality "1"]

1. Nf3 e6 2. g3 c6 3. Bg2 d5 4. 0-0 Nf6 5. d3 Be7 6. Nbd2 0-0 7. b3 Nbd7 8. Bb2 Qc7 9. e4 dxe4 10. dxe4 Rd8 11. Qe2 b5 12. Rac1 a5 13. c4 bxc4 14. Nxc4 Ba6 15. Rfd1 Nb6 16. Nfd2 Rd7 17. Bf3 Rad8 18. Qe1 Bxc4 19. Nxc4 Rxd1 20. Bxd1 Nxc4 21. Rxc4 c5 22. Bf3 Nd7 23. Ra4 Ra8 24. e5 Ra7 25. Bg2 g6 26. Bc3 Bd8 27. f4 Qb6 28. Kh1 Qb5 29. Bf1 Qc6+ 30. Qe4 Qxe4+ 31. Rxe4 Nb6 32. Kg2 Nd5 33. Bb2 Bb6 34. Kf3 Rd7 35. Bb5 Rd8 36. Re2 Kf8 37. Ke4 h5 38. h3 Ke7 1/2-1/2

[Event "Bayern-ch Seniors 24nd"]
[Site "Bergen"]
[Date "2012.06.17"]
[Round "2"]
[White "Zehfuss, Helmut"]
[Black "Zellner, Erwin"]
[Result "1-0"]
[WhiteElo "1793"]
[BlackElo "1482"]
[PlyCount "137"]
[EventDate "2012.06.16"]
[EventType "swiss"]
[EventRounds "9"]
[EventCountry "GER"]
[SourceTitle "EXT 2015"]
[Source "ChessBase"]
[SourceDate "2014.11.20"]
[SourceVersion "1"]
[SourceVersionDate "2014.11.20"]
[SourceQuality "1"]

1. e4 c6 2. d4 d5 3. Nc3 dxe4 4. Nxe4 Bf5 5. Ng3 Bg6 6. N1e2 h6 7. Nf4 Bh7 8. Bc4 Nf6 9. 0-0 Nd5 10. Re1 Nxf4 11. Bxf4 Nd7 12. c3 Nb6 13. Bb3 Nd5 14. Bd2 Qc7 15. Qf3 Nf6 16. Bf4 Qd7 17. h3 0-0-0 18. Rad1 e6 19. Bc4 Nd5 20. Bd2 Bd6 21. b4 b5 22. Bb3 Nb6 23. Ra1 Bxg3 24. Qxg3 g5 25. Rac1 Kb7 26. Bc2 Bxc2 27. Rxc2 Nc4 28. Bc1 Qd5 29. f4 gxf4 30. Qxf4 f5 31. Rce2 Rdg8 32. Qf2 Rg6 33. Bf4 Rhg8 34. Qf1 Kc8 35. Kh2 h5 36. Qg1 Kd7 37. Rf2 h4 38. Qf1 Rg3 39. Rc1 Ne3 40. Bxe3 Rxe3 41. Rcc2 Qd6+ 42. Kh1 Rgg3 43. Rf4 Qd5 44. Kh2 Qd6 45. Kg1 Qe7 46. Qf2 Qg5 47. Kf1 Rd3 48. Ke2 Rge3+ 49. Qxe3 Rxe3+ 50. Kxe3 Qg3+ 51. Rf3 Qg5+ 52. Kf2 Kd6 53. Re2 Kd5 54. Rfe3 Kc4 55. Rf3 Kd5 56. Re5+ Kd6 57. Rfe3 Qf4+ 58. Kg1 Qh6 59. Rxe6+ Qxe6 60. Rxe6+ Kxe6 61. Kf2 Kd5 62. g3 hxg3+ 63. Kxg3 Ke6 64. Kf4 Kf6 65. h4 a6 66. h5 Ke6 67. h6 Kf6 68. h7 Kg7 69. Kxf5 1-0

[Event "Bayern-ch Seniors 23rd"]
[Site "Bergen"]
[Date "2011.06.04"]
[Round "8"]
[White "Zellner, Erwin"]
[Black "Schmitt, Gerhard"]
[Result "0-1"]
[WhiteElo "1436"]
[BlackElo "1321"]
[PlyCount "50"]
[EventDate "2011.05.28"]
[EventType "swiss"]
[EventRounds "9"]
[EventCountry "GER"]
[SourceTitle "EXT 2012"]
[Source "ChessBase"]
[SourceDate "2011.11.24"]
[SourceVersion "1"]
[SourceVersionDate "2011.11.24"]
[SourceQuality "1"]

1. d4 d5 2. Nf3 Bg4 3. Nbd2 Nc6 4. h3 Bh5 5. c3 Nf6 6. Qa4 Nd7 7. Qb3 Nb6 8. a4 a5 9. Qb5 f6 10. g4 Bf7 11. Bg2 Be6 12. b3 Bd7 13. Qd3 e6 14. e4 Qe7 15. Ba3 Qf7 16. Bxf8 Rxf8 17. 0-0-0 h6 18. Rhe1 0-0-0 19. Kc2 Qe7 20. Ra1 Qf7 21. exd5 Nxd5 22. Qe4 g6 23. Nc4 f5 24. gxf5 exf5 25. Qd3 Ndb4+ 0-1

[Event "Bayern-ch Seniors 23rd"]
[Site "Bergen"]
[Date "2011.06.01"]
[Round "5"]
[White "Erler, Klaus Juergen"]
[Black "Zellner, Erwin"]
[Result "1-0"]
[WhiteElo "1398"]
[BlackElo "1436"]
[PlyCount "84"]
[EventDate "2011.05.28"]
[EventType "swiss"]
[EventRounds "9"]
[EventCountry "GER"]
[SourceTitle "EXT 2012"]
[Source "ChessBase"]
[SourceDate "2011.11.24"]
[SourceVersion "1"]
[SourceVersionDate "2011.11.24"]
[SourceQuality "1"]

1. c4 Nf6 2. Nc3 g6 3. d4 Bg7 4. e4 d6 5. f3 c6 6. Be3 Nbd7 7. Qd2 0-0 8. Bh6 e5 9. Bxg7 Kxg7 10. Nge2 a6 11. g4 exd4 12. Qxd4 Ne5 13. Bg2 c5 14. Qf2 Nxc4 15. 0-0-0 b5 16. b3 Ne5 17. h3 c4 18. Qd4 Nd3+ 19. Kb1 Kg8 20. Nc1 Nxc1 21. Kxc1 cxb3 22. axb3 Be6 23. Kb2 Qe7 24. f4 Rab8 25. Qxd6 Qxd6 26. Rxd6 a5 27. f5 Ne8 28. Ra6 b4 29. Ne2 Bd7 30. Rxa5 Bc6 31. Rc5 Ba8 32. Rg1 Nd6 33. e5 Ne4 34. Bxe4 Bxe4 35. f6 Rfd8 36. Ng3 Bf3 37. Rgc1 Bd5 38. Rd1 Be6 39. Rxd8+ Rxd8 40. Rb5 h5 41. Rxb4 hxg4 42. hxg4 Bxg4 1-0

[Event "Bayern-ch Seniors 22nd"]
[Site "Bergen"]
[Date "2010.06.18"]
[Round "7"]
[White "Sobottka, Manfred"]
[Black "Zellner, Erwin"]
[Result "1/2-1/2"]
[WhiteElo "1405"]
[BlackElo "1514"]
[PlyCount "98"]
[EventDate "2010.06.12"]
[EventType "swiss"]
[EventRounds "9"]
[EventCountry "GER"]
[SourceTitle "EXT 2011"]
[Source "ChessBase"]
[SourceDate "2010.11.26"]
[SourceVersion "1"]
[SourceVersionDate "2010.11.26"]
[SourceQuality "1"]

1. d4 Nf6 2. Nf3 g6 3. c4 d6 4. Nc3 Bg7 5. Bf4 a6 6. h3 Nbd7 7. e4 c5 8. d5 Nh5 9. Bh2 Qa5 10. Qd2 0-0 11. Bd3 b5 12. cxb5 Bxc3 13. Qxc3 axb5 14. Qxa5 Rxa5 15. 0-0 c4 16. Be2 Nhf6 17. e5 Nxe5 18. Nxe5 dxe5 19. Bxe5 Nxd5 20. Bf3 e6 21. Rfd1 f6 22. Bd6 Re8 23. Re1 Ra6 24. Bxd5 Rxd6 25. Bf3 Kf7 26. Rad1 Red8 27. Rxd6 Rxd6 28. Rd1 Rxd1+ 29. Bxd1 Bd7 30. a3 f5 31. f4 Kf6 32. Kf2 e5 33. Ke3 h5 34. h4 Be8 35. g3 Ke6 36. Bf3 Kd6 37. Bg2 Bf7 38. Bf3 e4 39. Be2 Kc5 40. Bd1 Be8 41. b4+ cxb3 42. Bxb3 b4 43. axb4+ Kxb4 44. Be6 Kc3 45. Bd5 Kc2 46. Bc4 Kd1 47. Bb3+ Kc1 48. Bc4 Kc2 49. Be6 Kc3 1/2-1/2

[Event "Bayern-ch Seniors 22nd"]
[Site "Bergen"]
[Date "2010.06.16"]
[Round "5"]
[White "Dirks, Rainer"]
[Black "Zellner, Erwin"]
[Result "1/2-1/2"]
[WhiteElo "1185"]
[BlackElo "1514"]
[PlyCount "90"]
[EventDate "2010.06.12"]
[EventType "swiss"]
[EventRounds "9"]
[EventCountry "GER"]
[SourceTitle "EXT 2011"]
[Source "ChessBase"]
[SourceDate "2010.11.26"]
[SourceVersion "1"]
[SourceVersionDate "2010.11.26"]
[SourceQuality "1"]

1. e4 c6 2. Nf3 d5 3. exd5 cxd5 4. Be2 g6 5. d4 Bg7 6. 0-0 Nf6 7. Bg5 0-0 8. c4 dxc4 9. Bxc4 a6 10. a4 Ne4 11. Be3 Bg4 12. h3 Bxf3 13. Qxf3 Nd6 14. Bb3 e6 15. Nc3 Qd7 16. Rfd1 Nf5 17. d5 e5 18. Bc5 Nd4 19. Bxd4 exd4 20. Ne2 d3 21. Nc3 Qd6 22. Rxd3 Nd7 23. Ne4 Qb6 24. Rb1 Rae8 25. Qe3 Qb4 26. f3 Kh8 27. Qd2 Qb6+ 28. Qf2 Qb4 29. Rc1 Ne5 30. Re3 Qb6 31. Rec3 Qb4 32. Qc5 Qxc5+ 33. Nxc5 Rb8 34. R3c2 Rfd8 35. Rd1 Nc6 36. Rcd2 Nb4 37. d6 b6 38. Ne4 Rd7 39. Ng5 Kg8 40. Re2 Bf8 41. Ne4 Kg7 42. Red2 Rbd8 43. Rd4 a5 44. Bc4 Nc2 45. R4d3 Nb4 1/2-1/2

[Event "Chiemgau Seniors Cup 3th"]
[Site "Bergen"]
[Date "2007.10.26"]
[Round "5"]
[White "Wolf, Reinhard"]
[Black "Zellner, Erwin"]
[Result "1-0"]
[WhiteElo "1725"]
[BlackElo "1598"]
[PlyCount "75"]
[EventDate "2007.10.22"]
[EventType "swiss"]
[EventRounds "9"]
[EventCountry "GER"]
[SourceTitle "EXT 2008"]
[Source "ChessBase"]
[SourceDate "2007.11.25"]
[SourceVersion "1"]
[SourceVersionDate "2007.11.25"]
[SourceQuality "1"]

1. d4 d5 2. c4 Nf6 3. Nc3 e6 4. Bg5 Nbd7 5. e3 Be7 6. Bd3 dxc4 7. Bxc4 c6 8. Bd3 Qa5 9. Bxf6 Nxf6 10. Nge2 Bd7 11. 0-0 Nd5 12. a3 Bd6 13. b4 Nxc3 14. Nxc3 Qd8 15. Ne4 Bb8 16. f4 h6 17. Nc5 Bc8 18. Be4 0-0 19. Qh5 f5 20. Bf3 Kh7 21. Rad1 g6 22. Qh3 Qe7 23. g4 g5 24. Nd3 gxf4 25. exf4 fxg4 26. Bxg4 Rg8 27. Kh1 Qg7 28. Bf3 e5 29. Be4+ Kh8 30. f5 exd4 31. Rg1 Qf6 32. Rxg8+ Kxg8 33. Rg1+ Kf7 34. Qh5+ Ke7 35. Rg6 Qf8 36. Rxh6 Kd7 37. Rh7+ Kd6 38. Qg6+ 1-0

[Event "Chiemgau Seniors Cup 3th"]
[Site "Bergen"]
[Date "2007.10.24"]
[Round "3"]
[White "Reichwald, Klaus Dieter"]
[Black "Zellner, Erwin"]
[Result "1-0"]
[WhiteElo "1792"]
[BlackElo "1598"]
[PlyCount "121"]
[EventDate "2007.10.22"]
[EventType "swiss"]
[EventRounds "9"]
[EventCountry "GER"]
[SourceTitle "EXT 2008"]
[Source "ChessBase"]
[SourceDate "2007.11.25"]
[SourceVersion "1"]
[SourceVersionDate "2007.11.25"]
[SourceQuality "1"]

1. e4 c6 2. d4 d5 3. Nc3 dxe4 4. Nxe4 Bf5 5. Ng3 Bg6 6. Nf3 e6 7. Ne5 Bd6 8. Nxg6 hxg6 9. Be3 Qc7 10. Qd3 Bxg3 11. fxg3 Rxh2 12. Bf4 Qa5+ 13. Bd2 Qh5 14. Rxh2 Qxh2 15. 0-0-0 Qh5 16. Be2 Qd5 17. c4 Qd8 18. Bf3 Nd7 19. Bf4 g5 20. Bd6 Ndf6 21. c5 Qa5 22. Kb1 Ne7 23. g4 Kd7 24. Qe3 Qd8 25. Qxg5 Ng6 26. Qd2 Nd5 27. g3 a5 28. a3 b5 29. Qf2 Qf6 30. Rf1 Nge7 31. Be4 Qxf2 32. Rxf2 f6 33. Rh2 b4 34. axb4 axb4 35. Rh7 Rg8 36. Kc2 Ke8 37. Kb3 Kf7 38. Bxe7 Nxe7 39. Kxb4 Rb8+ 40. Kc3 f5 41. gxf5 exf5 42. Bf3 Kg6 43. Rh1 Kf6 44. Ra1 g5 45. Ra6 Rc8 46. d5 g4 47. Bg2 Ke5 48. d6 Nd5+ 49. Bxd5 Kxd5 50. b4 Rd8 51. Ra7 Ke4 52. Rf7 Kf3 53. Rxf5+ Kxg3 54. Kc4 Kh4 55. b5 cxb5+ 56. Kxb5 g3 57. Rf1 g2 58. Rg1 Kh3 59. Kc6 Kh2 60. Rxg2+ Kxg2 61. Kc7 1-0

[Event "Chiemgau Seniors Cup 3th"]
[Site "Bergen"]
[Date "2007.10.23"]
[Round "2"]
[White "Zellner, Erwin"]
[Black "Antusch, Ingrid"]
[Result "1-0"]
[WhiteElo "1598"]
[BlackElo "1432"]
[PlyCount "81"]
[EventDate "2007.10.22"]
[EventType "swiss"]
[EventRounds "9"]
[EventCountry "GER"]
[SourceTitle "EXT 2008"]
[Source "ChessBase"]
[SourceDate "2007.11.25"]
[SourceVersion "1"]
[SourceVersionDate "2007.11.25"]
[SourceQuality "1"]

1. d4 f5 2. Nf3 Nf6 3. e3 e6 4. c3 d5 5. Nbd2 Bd6 6. Ne5 Nbd7 7. Ndf3 0-0 8. Be2 Ne4 9. Nxd7 Bxd7 10. 0-0 Qf6 11. g3 Kh8 12. Ne1 Qg6 13. f4 Be8 14. Ng2 Rf6 15. Bf3 Qh6 16. Qe2 g5 17. Bxe4 dxe4 18. fxg5 Qxg5 19. Nf4 Rh6 20. Rf2 Bxf4 21. exf4 Qg7 22. Be3 Bh5 23. Qe1 Bf3 24. d5 Qf7 25. Bd4+ Kg8 26. dxe6 Rxe6 27. Qe3 b6 28. b4 a5 29. Re1 Rae8 30. bxa5 bxa5 31. Rb1 Qd7 32. Rfb2 Qa4 33. Be5 R8e7 34. Qa7 c6 35. Qb8+ Re8 36. Qc7 R8e7 37. Qd8+ Re8 38. Qg5+ Rg6 39. Qh4 c5 40. Rb8 h5 41. Qe7 1-0

[Event "Bayern-ch Seniors 19th"]
[Site "Schloss Schney"]
[Date "2007.06.16"]
[Round "5"]
[White "Stadler, Lothar"]
[Black "Zellner, Erwin"]
[Result "1-0"]
[WhiteElo "1797"]
[BlackElo "1635"]
[PlyCount "47"]
[EventDate "2007.06.12"]
[EventType "swiss"]
[EventRounds "9"]
[EventCountry "GER"]
[SourceTitle "EXT 2008"]
[Source "ChessBase"]
[SourceDate "2007.11.25"]
[SourceVersion "1"]
[SourceVersionDate "2007.11.25"]
[SourceQuality "1"]

1. c4 Nf6 2. Nc3 c6 3. d4 e6 4. e4 d6 5. Bd3 Be7 6. Nge2 0-0 7. 0-0 Nbd7 8. h3 e5 9. d5 Nc5 10. Bc2 a5 11. Be3 Na6 12. a3 c5 13. Ng3 Bd7 14. f4 exf4 15. Bxf4 Qc7 16. e5 dxe5 17. Bxe5 Ne8 18. Qd3 f5 19. d6 Bf6 20. Nd5 Qd8 21. Bxf6 Nxf6 22. Nxf5 g6 23. Nfe7+ Kg7 24. Nxf6 1-0

[Event "Bayern-ch Seniors 19th"]
[Site "Schloss Schney"]
[Date "2007.06.15"]
[Round "4"]
[White "Aigner, Georg"]
[Black "Zellner, Erwin"]
[Result "1-0"]
[WhiteElo "1893"]
[BlackElo "1635"]
[PlyCount "197"]
[EventDate "2007.06.12"]
[EventType "swiss"]
[EventRounds "9"]
[EventCountry "GER"]
[SourceTitle "EXT 2008"]
[Source "ChessBase"]
[SourceDate "2007.11.25"]
[SourceVersion "1"]
[SourceVersionDate "2007.11.25"]
[SourceQuality "1"]

1. e4 c6 2. d4 d5 3. e5 Bf5 4. Nf3 e6 5. Nbd2 Nd7 6. Be2 c5 7. c3 Rc8 8. 0-0 cxd4 9. Nxd4 Bg6 10. f4 Bc5 11. N2f3 Ne7 12. Kh1 a6 13. Bd3 Qc7 14. Nh4 Bxd3 15. Qxd3 Bxd4 16. Qxd4 Qc5 17. Qd1 Qc4 18. Be3 Nxe5 19. Bd4 N5g6 20. Nxg6 hxg6 21. b3 Qc6 22. Bxg7 Rh7 23. Be5 Nf5 24. Qf3 Qc5 25. g4 Ng7 26. Rad1 Qe7 27. Rfe1 Qh4 28. Re2 Kf8 29. Rd3 b5 30. Qg3 Qxg3 31. Rxg3 Ke7 32. Kg2 f6 33. Bd4 Rch8 34. h3 Re8 35. Rge3 Kf7 36. Rc2 Rc8 37. c4 dxc4 38. bxc4 Rhh8 39. c5 Rhd8 40. Bb2 Rc6 41. Kf2 Ne8 42. Ke2 Nc7 43. Rc1 Rd5 44. Ba3 a5 45. Rd3 b4 46. Bb2 a4 47. Rxd5 Nxd5 48. Rc4 a3 49. Ba1 Kg8 50. Kf3 Kf7 51. h4 Kg8 52. Bd4 Kh7 53. Ke4 f5+ 54. Kf3 Kh6 55. Rc2 Kh7 56. Rh2 Nc3 57. Rc2 Nd5 58. gxf5 gxf5 59. Be5 Nc7 60. Bd6 Nb5 61. Rd2 Kg6 62. Kg3 Nc3 63. Kh3 Ne4 64. Rg2+ Kh7 65. Bf8 Rc7 66. h5 Rf7 67. Bd6 Nxd6 68. cxd6 Rd7 69. Rd2 Kg7 70. Kg3 Kh6 71. Kh4 Kg7 72. Kg5 b3 73. axb3 a2 74. h6+ Kh7 75. Rxa2 Rxd6 76. Ra7+ Kh8 77. b4 Rb6 78. Kf6 Rxb4 79. Kg6 Rb8 80. Re7 Kg8 81. Rxe6 Rf8 82. Rf6 Kh8 83. Kxf5 Kh7 84. Ke5 Re8+ 85. Re6 Rf8 86. f5 Rf7 87. Rg6 Re7+ 88. Kf6 Re8 89. Kg5 Re5 90. Rg7+ Kh8 91. Rf7 Re8 92. Kg6 Rg8+ 93. Rg7 Rf8 94. Re7 Kg8 95. f6 Kh8 96. Rh7+ Kg8 97. f7+ Rxf7 98. Rxf7 Kh8 99. Rf8# 1-0

[Event "Bayern-ch Seniors 19th"]
[Site "Schloss Schney"]
[Date "2007.06.14"]
[Round "3"]
[White "Zellner, Erwin"]
[Black "Jakubowski, Karl"]
[Result "1-0"]
[WhiteElo "1635"]
[BlackElo "1380"]
[PlyCount "80"]
[EventDate "2007.06.12"]
[EventType "swiss"]
[EventRounds "9"]
[EventCountry "GER"]
[SourceTitle "EXT 2008"]
[Source "ChessBase"]
[SourceDate "2007.11.25"]
[SourceVersion "1"]
[SourceVersionDate "2007.11.25"]
[SourceQuality "1"]

1. d4 d5 2. Bf4 Nc6 3. c3 Nf6 4. e3 g6 5. Nd2 Bg7 6. Ngf3 0-0 7. h3 a6 8. a4 Bd7 9. b4 e6 10. Be2 Ne7 11. Ne5 Bc8 12. Qc2 Nd7 13. Ndf3 Nxe5 14. Nxe5 f6 15. Nd3 b6 16. 0-0 Nc6 17. Rac1 e5 18. Bh2 e4 19. Nb2 Ne7 20. c4 c6 21. cxd5 cxd5 22. Bc7 Qd7 23. Bxb6 Bb7 24. Bc5 Rfc8 25. Qb3 Bc6 26. Rc2 Bf8 27. Rfc1 Rc7 28. b5 axb5 29. axb5 Rb7 30. bxc6 Nxc6 31. Qc3 Na5 32. Bxf8 Kxf8 33. Qa3+ Kg7 34. Qa4 Qd8 35. Ra1 Rba7 36. Qb4 Rb8 37. Qe1 Rab7 38. Qxa5 Qxa5 39. Rxa5 Rxb2 40. Rxb2 Rxb2 1-0

[Event "Bayern-ch Seniors 19th"]
[Site "Schloss Schney"]
[Date "2007.06.13"]
[Round "2"]
[White "Froeling, Philippa"]
[Black "Zellner, Erwin"]
[Result "1/2-1/2"]
[WhiteElo "1192"]
[BlackElo "1635"]
[PlyCount "67"]
[EventDate "2007.06.12"]
[EventType "swiss"]
[EventRounds "9"]
[EventCountry "GER"]
[SourceTitle "EXT 2008"]
[Source "ChessBase"]
[SourceDate "2007.11.25"]
[SourceVersion "1"]
[SourceVersionDate "2007.11.25"]
[SourceQuality "1"]

1. Nf3 Nf6 2. d4 g6 3. c4 d6 4. Nc3 Bg7 5. e4 0-0 6. g3 c6 7. Bg2 Nbd7 8. 0-0 e5 9. d5 cxd5 10. cxd5 a6 11. Bg5 b5 12. b4 Bb7 13. a4 Rc8 14. Qb3 bxa4 15. Rxa4 Nb6 16. Ra2 h6 17. Bxf6 Bxf6 18. b5 axb5 19. Nxb5 Ra8 20. Rfa1 Qd7 21. Nd2 Rxa2 22. Rxa2 Ra8 23. Rxa8+ Bxa8 24. Nc4 Nxc4 25. Qxc4 Kg7 26. Bf1 Bd8 27. Qb4 Be7 28. Qa5 Qb7 29. Qc7 Qxc7 30. Nxc7 Bb7 31. Ba6 Bxa6 32. Nxa6 f5 33. f3 Bd8 34. Nb4 1/2-1/2

[Event "Chiemgau Seniors Cup 1st"]
[Site "Bergen"]
[Date "2005.10.16"]
[Round "6"]
[White "Zellner, Erwin"]
[Black "Wittelsberger, Helmut"]
[Result "1/2-1/2"]
[WhiteElo "1681"]
[BlackElo "2036"]
[PlyCount "92"]
[EventDate "2005.10.11"]
[EventType "swiss"]
[EventRounds "9"]
[EventCountry "GER"]
[SourceTitle "EXT 2007"]
[Source "ChessBase"]
[SourceDate "2006.11.23"]
[SourceVersion "1"]
[SourceVersionDate "2006.11.23"]
[SourceQuality "1"]

1. d4 Nf6 2. c4 c5 3. Nf3 cxd4 4. Nxd4 d6 5. e3 g6 6. Be2 Nc6 7. Nc3 Bg7 8. 0-0 0-0 9. Nxc6 bxc6 10. Qc2 Qc7 11. Bd2 Rb8 12. Rac1 Be6 13. b3 Rfc8 14. e4 c5 15. Nd5 Bxd5 16. exd5 Re8 17. Bc3 e5 18. dxe6 Rxe6 19. Bf3 Rbe8 20. Qb1 Nd7 21. Bxg7 Kxg7 22. Rfe1 Rxe1+ 23. Rxe1 Rxe1+ 24. Qxe1 Ne5 25. Bd5 Qd8 26. f4 Nd7 27. Qc3+ Qf6 28. Qxf6+ Nxf6 29. Bf3 h6 30. Kf2 Ne8 31. Ke3 f5 32. Kd3 Nc7 33. a3 a5 34. Kc3 Kf6 35. b4 axb4+ 36. axb4 cxb4+ 37. Kxb4 Ne6 38. g3 g5 39. Bd5 Nf8 40. fxg5+ hxg5 41. Kc3 Ke5 42. Kd3 Nd7 43. Ke3 Nf6 44. Bf3 g4 45. Bc6 Nh5 46. Bd7 Nf6 1/2-1/2

[Event "Chiemgau Seniors Cup 1st"]
[Site "Bergen"]
[Date "2005.10.15"]
[Round "5"]
[White "Bodenstein, Joachim"]
[Black "Zellner, Erwin"]
[Result "1-0"]
[WhiteElo "2015"]
[BlackElo "1681"]
[PlyCount "55"]
[EventDate "2005.10.11"]
[EventType "swiss"]
[EventRounds "9"]
[EventCountry "GER"]
[SourceTitle "EXT 2007"]
[Source "ChessBase"]
[SourceDate "2006.11.23"]
[SourceVersion "1"]
[SourceVersionDate "2006.11.23"]
[SourceQuality "1"]

1. e4 c6 2. d4 d5 3. exd5 cxd5 4. Bd3 Nf6 5. c3 e6 6. Nf3 Be7 7. Nbd2 Nbd7 8. Ne5 0-0 9. 0-0 a6 10. a4 Qc7 11. Re1 Bd6 12. Ndf3 b6 13. Qc2 Bb7 14. Nxd7 Qxd7 15. Ne5 Qc7 16. Bf4 Qc8 17. Re3 Bb8 18. Rh3 g6 19. Bg5 Bxe5 20. dxe5 Ne4 21. Bxe4 dxe4 22. Bf6 Qc6 23. Qc1 e3 24. f3 Qc5 25. b4 Qd5 26. Qxe3 Rad8 27. Qh6 Qd1+ 28. Rxd1 1-0

[Event "Chiemgau Seniors Cup 1st"]
[Site "Bergen"]
[Date "2005.10.12"]
[Round "3"]
[White "Krafzik, Joachim"]
[Black "Zellner, Erwin"]
[Result "1-0"]
[WhiteElo "2064"]
[BlackElo "1681"]
[PlyCount "105"]
[EventDate "2005.10.11"]
[EventType "swiss"]
[EventRounds "9"]
[EventCountry "GER"]
[SourceTitle "EXT 2007"]
[Source "ChessBase"]
[SourceDate "2006.11.23"]
[SourceVersion "1"]
[SourceVersionDate "2006.11.23"]
[SourceQuality "1"]

1. b4 e5 2. Bb2 d6 3. e3 Be7 4. c4 Nd7 5. Nc3 Ngf6 6. Nf3 b6 7. e4 Bb7 8. d3 a5 9. b5 Nc5 10. Be2 0-0 11. 0-0 Bc8 12. Ne1 Ne6 13. Nc2 Nf4 14. Bf3 Ng6 15. Ne3 Nh4 16. Be2 Ng6 17. Ncd5 Re8 18. a4 Bf8 19. f4 Nxd5 20. Nxd5 exf4 21. Nxf4 Nxf4 22. Rxf4 g6 23. Qc2 Bg7 24. Bxg7 Kxg7 25. Qb2+ f6 26. Raf1 Rf8 27. h4 Qe7 28. g4 Qe5 29. d4 Qe7 30. Bd3 Bd7 31. Qg2 Be6 32. g5 fxg5 33. hxg5 Rxf4 34. Rxf4 Rf8 35. Rxf8 Kxf8 36. Qf2+ Kg7 37. Qf4 Qf7 38. Qxf7+ Kxf7 39. Kf2 Ke7 40. Ke3 Bc8 41. Kf4 Bd7 42. e5 c6 43. c5 bxc5 44. b6 dxe5+ 45. dxe5 Bc8 46. Bc4 Bb7 47. Ke4 Bc8 48. Bg8 Bf5+ 49. Ke3 Bc8 50. Bxh7 Ke6 51. Bxg6 Kxe5 52. Be4 Bb7 53. g6 1-0

[Event "Bayern-ch Seniors 15th"]
[Site "Schloss Schney"]
[Date "2003.06.18"]
[Round "6.26"]
[White "Jacobsen, Waldfried"]
[Black "Zellner, Erwin"]
[Result "0-1"]
[WhiteElo "1275"]
[BlackElo "1643"]
[PlyCount "164"]
[EventDate "2003.06.13"]
[EventType "swiss"]
[EventRounds "9"]
[EventCountry "GER"]
[SourceTitle "EXT 2004"]
[Source "ChessBase"]
[SourceDate "2003.11.25"]
[SourceVersion "1"]
[SourceVersionDate "2003.11.25"]
[SourceQuality "1"]

1. Nf3 Nf6 2. g3 c6 3. Bg2 e6 4. 0-0 d5 5. d4 Nbd7 6. a3 Bd6 7. h3 0-0 8. Nc3 Qc7 9. Kh2 e5 10. e3 e4 11. Nh4 g6 12. Bh1 Re8 13. Qe1 Nf8 14. Bd2 Nh5 15. Ne2 Qe7 16. Ng2 Qe6 17. Ng1 h6 18. Nf4 Nxf4 19. exf4 f5 20. b4 Re7 21. Be3 Rh7 22. Bg2 Nd7 23. a4 a6 24. Qe2 Bxb4 25. a5 Be7 26. Rfc1 g5 27. c4 Nf6 28. Bf1 g4 29. h4 Qd6 30. c5 Qd8 31. Rcb1 Nh5 32. Qd1 Bxh4 33. Ne2 Be7 34. Qc1 Ng7 35. Nc3 h5 36. Na4 h4 37. Kg1 hxg3 38. fxg3 Qe8 39. Qe1 Qh5 40. Bg2 Qh2+ 41. Kf1 Bd8 42. Nc3 Nh5 43. Ne2 Nf6 44. Bg1 Qh6 45. Qd2 Ne8 46. Be3 Nc7 47. Kf2 Qg7 48. Rh1 Rxh1 49. Rxh1 Nb5 50. Qc1 Be6 51. Rh2 Bxa5 52. Qh1 Bf7 53. Qd1 Bb4 54. Qb1 a5 55. Rh1 Bg6 56. Rc1 Na3 57. Qa2 Nc4 58. Rb1 Qf8 59. Bf1 Nxe3 60. Kxe3 Qb8 61. Qb3 b6 62. Rc1 bxc5 63. Qa4 Be8 64. dxc5 Qb5 65. Qxb5 cxb5 66. Nc3 Bxc3 67. Rxc3 Bc6 68. Kd4 b4 69. Rc1 Kf7 70. Ke5 b3 71. Rb1 a4 72. Be2 Rd8 73. Bd1 d4 74. Kxf5 d3 75. Kxg4 e3 76. Rb2 e2 77. Bxe2 dxe2 78. Rxe2 a3 79. Rh2 Rg8+ 80. Kf5 b2 81. Rh7+ Rg7 82. Rh1 Bxh1 0-1

[Event "Bayern-ch Seniors 14th"]
[Site "Schloss Schney"]
[Date "2002.06.08"]
[Round "9"]
[White "Witzgall, Hermann"]
[Black "Zellner, Erwin"]
[Result "0-1"]
[WhiteElo "1374"]
[BlackElo "1640"]
[PlyCount "60"]
[EventDate "2002.05.31"]
[EventType "swiss"]
[EventRounds "9"]
[EventCountry "GER"]
[SourceTitle "EXT 2003"]
[Source "ChessBase"]
[SourceDate "2002.11.25"]
[SourceVersion "1"]
[SourceVersionDate "2002.11.25"]
[SourceQuality "1"]

1. e4 c6 2. Nf3 d5 3. exd5 cxd5 4. Be2 Nf6 5. d3 e6 6. 0-0 Bd6 7. h3 Qc7 8. Nc3 b6 9. Be3 Nbd7 10. Qd2 b5 11. a3 Bb7 12. d4 Rc8 13. Ne5 Nxe5 14. f4 Nc4 15. Bxc4 dxc4 16. Rae1 0-0 17. d5 Nxd5 18. Bd4 Nxc3 19. bxc3 Rfd8 20. Qf2 Bc5 21. Re5 Bxd4 22. cxd4 Rd5 23. Rfe1 Rcd8 24. Rxd5 Rxd5 25. c3 Qc6 26. Qh4 h6 27. Re2 Qd6 28. Re5 Rxe5 29. fxe5 Qxa3 30. Qg3 b4 0-1